[Event "Sveti Vid CC Klis-ch"]
[Site "Sveti Vid"]
[Date "2014.02.07"]
[Round "9"]
[White "Jozic, Vjekoslav"]
[Black "Zaja, Stjepan"]
[Result "1/2-1/2"]
[WhiteElo "1772"]
[BlackElo "1734"]
[PlyCount "125"]
[EventDate "2014.01.18"]
[EventType "tourn"]
[EventRounds "11"]
[EventCountry "CRO"]
[SourceTitle "EXT 2016"]
[Source "ChessBase"]
[SourceDate "2015.10.08"]
[SourceVersion "1"]
[SourceVersionDate "2015.10.08"]
[SourceQuality "1"]

1. e4 c5 2. Bc4 e6 3. d3 Nc6 4. a3 g6 5. Nf3 Bg7 6. 0-0 Qb6 7. Nbd2 Nge7 8. Ba2 0-0 9. c3 d5 10. Nb3 d4 11. Rb1 a5 12. Qc2 Qa7 13. Nbd2 b6 14. Ng5 h6 15. Nh3 Ba6 16. f4 Rfd8 17. c4 Bb7 18. Nf3 Qb8 19. Qf2 f5 20. e5 Re8 21. Qh4 Nd8 22. Bd2 Bxf3 23. Rxf3 Nf7 24. Bb3 a4 25. Bd1 Ra7 26. Qg3 b5 27. b3 bxc4 28. dxc4 axb3 29. Rfxb3 Qc7 30. Bf3 Nd8 31. Bd1 Kf7 32. Qf3 Ndc6 33. Rb5 Rb8 34. Rxb8 Nxb8 35. Rb5 Nd7 36. a4 Nc6 37. g4 Ne7 38. Bc2 Qc6 39. Qd1 Nb6 40. gxf5 exf5 41. Ba5 Nd7 42. Qe2 Qe6 43. Bd8 Nc6 44. Bb6 Nxb6 45. Rxb6 Qd7 46. e6+ Qxe6 47. Qxe6+ Kxe6 48. Rxc6+ Kf7 49. Rxc5 d3 50. Rxf5+ gxf5 51. Bxd3 Rxa4 52. Bxf5 Bd4+ 53. Kg2 Rxc4 54. Be4 Rb4 55. Kg3 Rb3+ 56. Kg4 Rb2 57. Kg3 Kf6 58. Bh7 Bc5 59. Be4 Re2 60. Bf3 Re3 61. Nf2 Kf5 62. Ng4 Ra3 63. Nxh6+ 1/2-1/2

[Event "Sveti Vid CC Klis-ch"]
[Site "Sveti Vid"]
[Date "2014.02.01"]
[Round "7"]
[White "Kacunko, Jozo"]
[Black "Zaja, Stjepan"]
[Result "1-0"]
[WhiteElo "1943"]
[BlackElo "1734"]
[PlyCount "89"]
[EventDate "2014.01.18"]
[EventType "tourn"]
[EventRounds "11"]
[EventCountry "CRO"]
[SourceTitle "EXT 2016"]
[Source "ChessBase"]
[SourceDate "2015.10.08"]
[SourceVersion "1"]
[SourceVersionDate "2015.10.08"]
[SourceQuality "1"]

1. e4 c5 2. Nf3 d6 3. d4 cxd4 4. Nxd4 Nf6 5. Nc3 a6 6. f3 b5 7. Be3 Bb7 8. Qd2 e6 9. 0-0-0 Be7 10. g4 Qa5 11. Kb1 b4 12. Nce2 d5 13. Nb3 Qc7 14. g5 Nfd7 15. exd5 Bxd5 16. Bg2 a5 17. Ned4 Qb7 18. Rhg1 a4 19. Nc1 Ne5 20. Qe2 Nc4 21. h4 Nd7 22. Nd3 b3 23. c3 bxa2+ 24. Ka1 Nc5 25. Bc1 Nb3+ 26. Nxb3 axb3 27. Nf4 Na3 28. bxa3 0-0 29. Nxd5 exd5 30. f4 Ra5 31. Bb2 Bxa3 32. Rd3 Bxb2+ 33. Qxb2 Qb6 34. Rgd1 Rd8 35. c4 Rb8 36. Bxd5 h6 37. gxh6 Qxh6 38. Rg3 Kf8 39. Rdg1 g6 40. Rxb3 Rxb3 41. Qxb3 Qxf4 42. Qb4+ Kg7 43. Qc3+ Kf8 44. Re1 Qxh4 45. Qxa5 1-0

[Event "Sveti Vid CC Klis-ch"]
[Site "Sveti Vid"]
[Date "2014.01.24"]
[Round "3"]
[White "Saric, Luka"]
[Black "Zaja, Stjepan"]
[Result "1/2-1/2"]
[WhiteElo "1918"]
[BlackElo "1734"]
[PlyCount "123"]
[EventDate "2014.01.18"]
[EventType "tourn"]
[EventRounds "11"]
[EventCountry "CRO"]
[SourceTitle "EXT 2016"]
[Source "ChessBase"]
[SourceDate "2015.10.08"]
[SourceVersion "1"]
[SourceVersionDate "2015.10.08"]
[SourceQuality "1"]

1. e4 c5 2. Nf3 d6 3. d4 cxd4 4. Nxd4 Nf6 5. Nc3 a6 6. Bg5 e6 7. Bd3 Be7 8. Qd2 Qc7 9. f4 Nbd7 10. Nf3 b5 11. Bxf6 Bxf6 12. Bxb5 Bxc3 13. Bxd7+ Bxd7 14. Qxc3 Qxc3+ 15. bxc3 Rc8 16. Kd2 Rc4 17. Rhe1 Ke7 18. Rab1 Rhc8 19. Rb3 Ra4 20. a3 h6 21. g3 Bb5 22. e5 d5 23. Nd4 Bc4 24. Rb7+ Kf8 25. Reb1 Bb5 26. Nxb5 axb5 27. R1xb5 Rxa3 28. Rb3 Ra4 29. R7b4 Ra6 30. Kd3 Ra1 31. Rb8 Rxb8 32. Rxb8+ Ke7 33. Rb7+ Ke8 34. Kd4 g5 35. Rb8+ Ke7 36. Rh8 gxf4 37. gxf4 Rf1 38. Ke3 Rc1 39. Rxh6 Rxc2 40. Kd3 Rf2 41. Rh4 Rf3+ 42. Kd4 Rf1 43. Rg4 Rd1+ 44. Ke3 Rc1 45. Kd2 Rf1 46. h4 f5 47. exf6+ Kxf6 48. Rg8 Rh1 49. Rh8 Kf5 50. Rh6 Rh3 51. h5 Rh4 52. Ke3 Rh3+ 53. Kd4 Rh1 54. Kc5 Rh3 55. Kd6 Rxc3 56. Rxe6 d4 57. Re5+ Kxf4 58. Rd5 Ke4 59. h6 Rh3 60. Kc5 d3 61. Kc4 Rxh6 62. Rd4+ 1/2-1/2

[Event "IBCA Wch blind Gr1"]
[Site "Zaragoza"]
[Date "2013.06.13"]
[Round "2"]
[White "Zaja, Stjepan"]
[Black "Otero Munelo, Harlan Enrique"]
[Result "1/2-1/2"]
[WhiteElo "1938"]
[BlackElo "2133"]
[PlyCount "93"]
[EventDate "2013.06.12"]
[EventType "swiss"]
[EventRounds "7"]
[EventCountry "ESP"]
[SourceTitle "EXT 2014"]
[Source "ChessBase"]
[SourceDate "2013.11.20"]
[SourceVersion "1"]
[SourceVersionDate "2013.11.20"]
[SourceQuality "1"]

1. d4 Nf6 2. Nf3 e6 3. Bg5 c5 4. e3 b6 5. Be2 Be7 6. 0-0 0-0 7. c4 Bb7 8. Nc3 d6 9. Rc1 Nbd7 10. Qc2 a6 11. Rfd1 Qc7 12. b3 Rfd8 13. Rd2 Nf8 14. Rcd1 Ng6 15. a3 h6 16. Bxf6 Bxf6 17. Ne4 Be7 18. d5 e5 19. Ng3 Bf8 20. Qe4 Ne7 21. Qb1 g6 22. e4 b5 23. cxb5 axb5 24. Bxb5 Rxa3 25. Ba4 c4 26. Qc1 Qc5 27. Rc2 Ba6 28. Nd2 Rxa4 29. bxa4 Rc8 30. Rc3 h5 31. Qc2 Bh6 32. Ngf1 Rc7 33. Ne3 Nc8 34. Rc1 Nb6 35. Qd1 Qb4 36. R3c2 Bxe3 37. fxe3 c3 38. Rb1 Qc5 39. Nf1 Nxa4 40. Rb8+ Kg7 41. Qf3 f6 42. Ng3 Rc8 43. Rxc8 Qxc8 44. Rf2 c2 45. Qxf6+ Kh7 46. Rxc2 Qxc2 47. Qf7+ 1/2-1/2

[Event "CRO-chT2S"]
[Site "Makarska"]
[Date "2013.04.07"]
[Round "3.3"]
[White "Zaja, Stjepan"]
[Black "Bobanac, Miro"]
[Result "0-1"]
[WhiteElo "1740"]
[BlackElo "2291"]
[PlyCount "68"]
[EventDate "2013.04.05"]
[EventType "team-tourn"]
[EventRounds "9"]
[EventCountry "CRO"]
[SourceTitle "EXT 2014"]
[Source "ChessBase"]
[SourceDate "2013.11.20"]
[SourceVersion "1"]
[SourceVersionDate "2013.11.20"]
[SourceQuality "1"]
[WhiteTeam "Arzano"]
[BlackTeam "Split Mornar"]
[WhiteTeamCountry "CRO"]
[BlackTeamCountry "CRO"]

1. e4 c5 2. Nf3 e6 3. d4 cxd4 4. Nxd4 a6 5. Nc3 Qc7 6. g3 b5 7. Bg2 Bb7 8. 0-0 Nf6 9. a3 Nc6 10. Be3 Ne5 11. Bf4 d6 12. Nde2 Rc8 13. h3 Be7 14. Re1 0-0 15. g4 Rfd8 16. Ng3 Nc4 17. Rb1 Nxa3 18. Rc1 Nc4 19. g5 Nxb2 20. Qe2 Nd7 21. Nd5 exd5 22. Nf5 Bf8 23. exd5 Ne5 24. c4 Nbxc4 25. Rc3 Qd7 26. Be4 Ng6 27. Bc1 Re8 28. Qh5 Rxe4 29. Nh6+ gxh6 30. Rxe4 Nce5 31. Rxc8 Qxc8 32. Be3 Qf5 33. Rg4 Nxg4 34. hxg4 Qxd5 0-1

[Event "CRO-chT4 Center-A"]
[Site "Zagreb"]
[Date "2011.04.10"]
[Round "5.34"]
[White "Zaja, Stjepan"]
[Black "Pfeifer, Antun"]
[Result "1/2-1/2"]
[WhiteElo "1975"]
[BlackElo "1923"]
[PlyCount "117"]
[EventDate "2011.03.13"]
[EventType "team-tourn"]
[EventRounds "7"]
[EventCountry "CRO"]
[SourceTitle "EXT 2014"]
[Source "ChessBase"]
[SourceDate "2013.11.20"]
[SourceVersion "1"]
[SourceVersionDate "2013.11.20"]
[SourceQuality "1"]

1. d4 Nf6 2. c4 c5 3. e3 g6 4. Nf3 Bg7 5. Nc3 cxd4 6. exd4 d5 7. Bf4 a6 8. c5 0-0 9. h3 Bd7 10. Be2 Bc6 11. 0-0 Nbd7 12. b4 Re8 13. a4 Ne4 14. Qb3 e5 15. dxe5 Nxe5 16. Nxe5 Bxe5 17. Bxe5 Rxe5 18. Nxe4 dxe4 19. Bc4 Qf6 20. Rad1 Re7 21. b5 axb5 22. axb5 Be8 23. Rd6 Qe5 24. Rd5 Qf6 25. Rfd1 Ra1 26. Rxa1 Qxa1+ 27. Rd1 Qe5 28. Rd8 Kg7 29. Qe3 Qa1+ 30. Kh2 Qe5+ 31. g3 Bd7 32. Kg2 h6 33. b6 Bc6 34. Kh2 g5 35. Ba2 Qb2 36. Bd5 Bxd5 37. Rxd5 Qf6 38. Kg2 Qe6 39. Rd6 Qe5 40. h4 Re6 41. Rxe6 fxe6 42. hxg5 hxg5 43. Qc1 Qd5 44. Qc3+ Kf7 45. Kh2 Qf5 46. Kg1 Qd5 47. Kh2 Qf5 48. Qd4 Ke8 49. c6 bxc6 50. b7 Qh7+ 51. Kg2 Qxb7 52. Qh8+ Kd7 53. Qg7+ Kc8 54. Qxg5 Qf7 55. Qc5 Qf3+ 56. Kh2 Kd7 57. Qd4+ Kc8 58. Kg1 Qf5 59. Qd6 1/2-1/2

[Event "CRO-chT4 Center-A"]
[Site "Zagreb"]
[Date "2011.04.03"]
[Round "4.54"]
[White "Alicajic, Bajro"]
[Black "Zaja, Stjepan"]
[Result "1-0"]
[WhiteElo "1794"]
[BlackElo "1975"]
[PlyCount "73"]
[EventDate "2011.03.13"]
[EventType "team-tourn"]
[EventRounds "7"]
[EventCountry "CRO"]
[SourceTitle "EXT 2014"]
[Source "ChessBase"]
[SourceDate "2013.11.20"]
[SourceVersion "1"]
[SourceVersionDate "2013.11.20"]
[SourceQuality "1"]

1. e4 c5 2. Nf3 Nc6 3. d4 cxd4 4. Nxd4 Nf6 5. Nc3 d6 6. Be2 e6 7. Be3 Be7 8. 0-0 0-0 9. a3 a6 10. h3 Bd7 11. Qd2 Rc8 12. Nxc6 Bxc6 13. Bf3 Qc7 14. Rac1 Rfd8 15. Rfd1 b5 16. Qe2 Qb7 17. Bg5 h6 18. Bh4 a5 19. Re1 b4 20. axb4 axb4 21. Nb1 Rd7 22. Nd2 Rdc7 23. Qd3 d5 24. e5 Nh7 25. Bxe7 Rxe7 26. h4 Rec7 27. Nb3 Bb5 28. Qd2 Qb6 29. Qxb4 Rc4 30. Qd2 Rxh4 31. c3 Ra4 32. Ra1 Rca8 33. Rxa4 Rxa4 34. Nd4 Ng5 35. Bd1 Ra2 36. Bb3 Ne4 37. Rxe4 1-0

[Event "Split op 4th"]
[Site "Split"]
[Date "2010.05.09"]
[Round "9"]
[White "Jozic, Vjekoslav"]
[Black "Zaja, Stjepan"]
[Result "1-0"]
[WhiteElo "1716"]
[BlackElo "1791"]
[PlyCount "59"]
[EventDate "2010.04.30"]
[EventType "swiss"]
[EventRounds "9"]
[EventCountry "CRO"]
[SourceTitle "EXT 2011"]
[Source "ChessBase"]
[SourceDate "2010.11.26"]
[SourceVersion "1"]
[SourceVersionDate "2010.11.26"]
[SourceQuality "1"]

1. e4 c5 2. Bc4 e6 3. Nc3 a6 4. a4 Nc6 5. d3 Nf6 6. Bg5 Be7 7. Nf3 d6 8. h3 h6 9. Bh4 Qb6 10. Qc1 0-0 11. 0-0 Re8 12. Bg3 Nd7 13. Re1 Nf8 14. Ne2 Ng6 15. Nf4 Nce5 16. Nxe5 dxe5 17. Nxg6 fxg6 18. Bxe5 Bd7 19. Qf4 Rf8 20. Qg3 Kh7 21. Bc3 Rae8 22. a5 Qd8 23. Qg4 Bf6 24. e5 h5 25. Qd1 Bh4 26. g3 Be7 27. d4 cxd4 28. Bxd4 Qc8 29. Bd3 Bc6 30. Qxh5+ 1-0

[Event "Split op 4th"]
[Site "Split"]
[Date "2010.05.06"]
[Round "7"]
[White "Zaja, Stjepan"]
[Black "Lovric, Marko"]
[Result "1/2-1/2"]
[WhiteElo "1791"]
[BlackElo "1937"]
[PlyCount "38"]
[EventDate "2010.04.30"]
[EventType "swiss"]
[EventRounds "9"]
[EventCountry "CRO"]
[SourceTitle "EXT 2011"]
[Source "ChessBase"]
[SourceDate "2010.11.26"]
[SourceVersion "1"]
[SourceVersionDate "2010.11.26"]
[SourceQuality "1"]

1. d4 Nf6 2. c4 c5 3. Nf3 g6 4. Nc3 Bg7 5. e4 cxd4 6. Nxd4 0-0 7. Be3 Nc6 8. Be2 d6 9. 0-0 Ne5 10. b3 Be6 11. h3 Qc8 12. f4 Nc6 13. Kh2 a5 14. Rb1 a4 15. b4 Nxd4 16. Bxd4 Bxc4 17. Rc1 Bxe2 18. Qxe2 Qb8 19. e5 Nh5 1/2-1/2

[Event "Split op 3rd"]
[Site "Split"]
[Date "2009.03.06"]
[Round "7"]
[White "Milicic, Djuro"]
[Black "Zaja, Stjepan"]
[Result "1/2-1/2"]
[WhiteElo "1479"]
[BlackElo "1813"]
[PlyCount "91"]
[EventDate "2009.02.28"]
[EventType "swiss"]
[EventRounds "9"]
[EventCountry "CRO"]
[SourceTitle "CBM 129 Extra"]
[Source "ChessBase"]
[SourceDate "2009.05.05"]
[SourceVersion "2"]
[SourceVersionDate "2009.05.20"]
[SourceQuality "1"]

1. e4 c5 2. Nf3 Nc6 3. Bc4 e6 4. 0-0 Na5 5. Be2 a6 6. b3 d6 7. Bb2 Nf6 8. d3 Be7 9. Nbd2 Nc6 10. Re1 b5 11. Nf1 0-0 12. Ng3 Qc7 13. Nd2 d5 14. Bf3 d4 15. a3 Ne5 16. Bc1 Bb7 17. Ndf1 Ng6 18. Nh5 h6 19. Bd2 Rac8 20. Qc1 Nxh5 21. Bxh5 Qe5 22. Ng3 Bh4 23. f4 Qc7 24. Rf1 Bxg3 25. hxg3 Ne7 26. Qe1 Qc6 27. Bf3 Qb6 28. Ba5 Qa7 29. Bd2 Rfe8 30. Kf2 f5 31. Rh1 Kf7 32. Qd1 Rh8 33. Bh5+ g6 34. Bf3 Ba8 35. Qe2 Rc7 36. Rae1 fxe4 37. Bxe4 Bxe4 38. Qxe4 Qb6 39. Qe5 Rh7 40. f5 Nxf5 41. Ba5 Qxa5 42. Qxe6+ Kg7 43. b4 cxb4 44. Qe5+ Kf7 45. Qe6+ Kg7 46. Qe5+ 1/2-1/2

[Event "Solin op"]
[Site "Solin"]
[Date "2007.01.22"]
[Round "3"]
[White "Bobanac, Miro"]
[Black "Zaja, Stjepan"]
[Result "1-0"]
[WhiteElo "2303"]
[BlackElo "1681"]
[PlyCount "91"]
[EventDate "2007.01.20"]
[EventType "swiss"]
[EventRounds "9"]
[EventCountry "CRO"]
[SourceTitle "CBM 116 Extra"]
[Source "ChessBase"]
[SourceDate "2007.03.07"]
[SourceVersion "1"]
[SourceVersionDate "2007.03.07"]
[SourceQuality "1"]

1. Nf3 c5 2. c4 Nc6 3. g3 g6 4. Nc3 Bg7 5. Bg2 Nf6 6. 0-0 0-0 7. d4 cxd4 8. Nxd4 Nxd4 9. Qxd4 d6 10. Qh4 Rb8 11. Bh6 Bd7 12. Bxg7 Kxg7 13. Qd4 Bc6 14. Qxa7 Bxg2 15. Kxg2 Qc7 16. Qd4 Rfc8 17. b3 Qc6+ 18. f3 e5 19. Qd3 Re8 20. Rad1 Rbd8 21. e4 Re7 22. Rf2 Red7 23. Rfd2 Ne8 24. Nd5 f6 25. Qe3 Qc5 26. Kf2 Kf7 27. Nb6 Qxe3+ 28. Kxe3 Rc7 29. a4 Ke6 30. Nd5 Rc6 31. Kd3 f5 32. Kc3 Rdc8 33. Kb4 Ra6 34. g4 f4 35. h4 Nc7 36. Nxc7+ Rxc7 37. Rd5 Rac6 38. Rb5 h6 39. a5 Kd7 40. Rxe5 Rc5 41. Rxc5 Rxc5 42. Rd5 Kc6 43. Kc3 Kc7 44. b4 Rc6 45. b5 Rc5 46. Kd4 1-0